Zvyšovanie finančnej gramotnosti ako súčasť procesu správy osobných financií diplomová práca

Guardado en:
Detalles Bibliográficos
Autor principal: Gábrišová, Veronika
Autor Corporativo: Národohospodárska fakulta EU. Katedra bankovníctva a medzinárodných financií
Otros Autores: Pilch, Ctibor, 1957-
Formato: Libro
Lenguaje:eslovaco
Publicado: Bratislava 2019
Etiquetas: Agregar Etiqueta
Sin Etiquetas, Sea el primero en etiquetar este registro!

MARC

LEADER 00000nbm a2200000 4500
001 0254839
005 20190814142822.8
041 0 |a slo 
044 |a SK 
245 1 0 |a Zvyšovanie finančnej gramotnosti ako súčasť procesu správy osobných financií  |b diplomová práca  |c Veronika Gábrišová ; školiteľ: Ctibor Pilch 
264 1 |a Bratislava  |c 2019 
300 |a 71 s. 
100 1 |a Gábrišová, Veronika 
700 1 |a Pilch, Ctibor, 1957- 
710 2 |a Národohospodárska fakulta EU. Katedra bankovníctva a medzinárodných financií